Large-scale disasters lessons learned

Enregistré dans:
Détails bibliographiques
Format: Livre
Langue:anglais
Publié: Paris OECD 2004
Sujets:
Tags: Ajouter un tag
Pas de tags, Soyez le premier à ajouter un tag!

MARC

LEADER 00000nam$a2200000$$$4500
001 0020850
005 20240104134528.4
020 |a 92-64-02018-7 
041 0 |a eng 
044 |a FR 
245 1 0 |a Large-scale disasters  |b lessons learned 
264 1 |a Paris  |b OECD  |c 2004 
300 |a 98 s. 
610 2 0 |a pohromy živelné 
610 2 0 |a terorizmus 
610 2 0 |a dôsledky sociálne 
610 2 0 |a situácia hospodárska 
610 2 0 |a oživenie 
610 2 0 |a trh finančný 
610 2 0 |a poisťovníctvo 
610 2 0 |a odškodnenie 
610 2 0 |a Turecko 
610 2 0 |a štúdie prípadové 
610 2 0 |a bezpečnosť jadrová